Countries with Costa Rican Embassies - Statistics

General Stats
  • This quiz has been taken 53 times
  • The average score is 35 of 42
Answer Stats
Continent Country % Correct
North America Canada
100%
Europe Germany
100%
North America Mexico
100%
North America United States of America
100%
South America Argentina
98%
Oceania Australia
98%
Europe Italy
98%
South America Brazil
95%
South America Chile
95%
South America Colombia
95%
North America Panama
95%
Asia/ Europe Russia
95%
South America Bolivia
93%
North America Dominican Republic
93%
Europe France
93%
Asia Japan
93%
South America Peru
93%
South America Uruguay
93%
Asia China
90%
North America Cuba
90%
South America Ecuador
90%
South America Paraguay
90%
North America El Salvador
88%
North America Guatemala
88%
Asia India
88%
North America Nicaragua
88%
Europe Spain
88%
North America Honduras
85%
Asia/ Europe Turkey
85%
Europe Austria
80%
Asia South Korea
78%
Asia Indonesia
76%
North America Jamaica
76%
Europe Belgium
73%
Europe Switzerland
73%
Europe the Netherlands
71%
Asia Israel
66%
Asia United Arab Emirates
54%
Europe Vatican City
49%
Asia Qatar
46%
Asia Singapore
44%
Africa Kenya
37%
No matching quizzes found
Score Distribution
Percent of People with Each Score
Percentile by Number Answered
Your Score History
You have not taken this quiz